| 000 | 00732nam a2200217 4500 | ||
|---|---|---|---|
| 001 | 121660 | ||
| 003 | ES-MaACL | ||
| 005 | 20230906191809.0 | ||
| 007 | t| | ||
| 008 | 070214s1970 sp r ||||1| spa d | ||
| 100 | 0 |
_aPlatón. _992598 |
|
| 245 | 1 | 0 |
_aMenón / _cPlatón ; edición biblingüe, estudio crítico, traducción y notas por Antonio Ruiz de Elvira. |
| 260 |
_aMadrid : _bInstituto de Estudios Políticos, _c1970. |
||
| 300 |
_aLVII, 67 pág. dupl. ; _c19 cm. |
||
| 490 | 1 | _aClásicos políticos | |
| 700 | 1 |
_aRuiz de Elvira, Antonio. _9186519 |
|
| 710 | 2 |
_aInstituto de Estudios Políticos (Madrid) _94924 |
|
| 830 | 0 |
_aClásicos políticos _9180270 |
|
| 852 |
_aES-MaACL _jL-2536 _bR.103435 |
||
| 999 |
_c121660 _d121660 |
||